000 00592nam a22001937a 4500
008 190706b xxu||||| |||| 00| 0 eng d
020 _a1591840459
040 _aKABU
_cKABU
050 _aHD38.2
_b.F56 2003
100 _aFinkelstein, Sydney
245 _aWhy smart executives fail and what you can learn from their mistakes/
_cSydney Finkelstein
260 _aNew York
_bPortfolio
_c2003
300 _axi, 320 p.
650 _aExecutive ability
650 _aBusiness failures
650 _aExecutives
_xPsychology
650 _aSuccess in business
942 _2lcc
_cBK
_hHD38.2
999 _c17814
_d17814